000 00643nam a2200217 a 4500
999 _c10062
_d10062
001 10062
003 BD-JhCC
005 20180405093608.0
008 180405s1988 bg |||| || | 000 0 ben d
035 _a(BD-JhCC)10062
040 _aBD-JhCC
_dBD-JhCC
041 _aben
082 _a891.4415
_bKHA 1988
100 _aখান, অাবদুর রশীদ
245 _aতিমির হনন /
_cঅাবদুর রশীদ খান,
260 _aঢাকা :
_bমুক্তধারা প্রকাশনী,
_c1988
300 _a59 p. :
_c24 cm.
650 _aBengali Poem
942 _2ddc
_cBK